Science Quiz

Random Science Quiz

The Labour Process Quiz Stats

 Plays Quiz not verified by Sporcle

Score 0/11 Timer 05:00
0 Plays Today
Description Term % Correct
????
100%
????
88.9%
????
61.1%
????
61.1%
????
55.6%
????
55.6%
????
55.6%
????
55.6%
????
55.6%
????
55.6%
????
50%

You're not logged in!

Compare scores with friends on all Sporcle quizzes.
OR
Log In

Show Comments

Extras

Created Nov 22, 2010ReportNominate
Tags:bank, description, found, labour, process, term

Top Quizzes Today


Score Distribution

Your Account Isn't Verified!

In order to create a playlist on Sporcle, you need to verify the email address you used during registration. Go to your Sporcle Settings to finish the process.

Report this User

Report this user for behavior that violates our Community Guidelines.

Details: